000 00430ntaaa2200181 4500
003 01
005 20251027201753.0
008 0714s1973 ag 01
040 _aAR-BaBN
_bspa
_cAR-BaBN
_eaacr
_dRIC
082 _a241.0000 D66
100 _aDodd, C.H.
_9465
245 _aGospel and law
250 _a1 ed.
260 _aCambridge :
_bUniversity Press,
_cc1951, 1957
300 _a83 p
650 _aetica cristiana
942 _cBK
999 _c12381
_d12381